| 000 | 00000nam 2200000zi 4500 |
| 001 | 9.879969 |
| 003 | CaOODSP |
| 005 | 20250107144054 |
| 006 | m o d f |
| 007 | cr ||||||||||| |
| 008 | 190930t20202020onca os f000 0 eng d |
| 020 | |a9780660327839 |
| 040 | |aCaOODSP|beng|erda|cCaOODSP |
| 043 | |an-cn--- |
| 086 | 1 |aCS11-637/2020-13E-PDF |
| 245 | 00|aSustainable development goals : |bgoal 13, climate action. |
| 246 | 14|aAgenda 2030 - sustainable development goals report : |bgoal 13, climate action |
| 264 | 1|aOttawa : |bStatistics Canada = Statistique Canada, |c2020. |
| 264 | 4|c©2020 |
| 300 | |a1 online resource (3 unnumbered pages) : |bcolour illustrations. |
| 336 | |atext|btxt|2rdacontent |
| 337 | |acomputer|bc|2rdamedia |
| 338 | |aonline resource|bcr|2rdacarrier |
| 490 | 0 |aAgenda 2030 sustainable development goals report |
| 500 | |a"Release date: October 20, 2020." |
| 500 | |aIssued also in French under title: Objectifs de développement durable : objectif 13, mesures relatives à la lutte contre les changements climatiques. |
| 500 | |aIssued also in HTML format. |
| 520 | |a"As the thirteenth goal outlined in the 2030 Agenda for Sustainable Development, Canada and other UN member states have committed to take urgent action to combat climate change and its impacts by 2030. This fact sheet provides an overview of indicators underlying the thirteenth Sustainable Development Goal in support of climate action, and the statistics and data sources used to monitor and report on this goal in Canada"--Supplied by publisher. |
| 650 | 0|aGreenhouse gases|zCanada|vStatistics. |
| 650 | 0|aClimatic changes|zCanada|vStatistics. |
| 655 | 7|aStatistics|2lcgft |
| 710 | 2 |aStatistics Canada, |eissuing body. |
| 775 | 08|tObjectifs de développement durable : |w(CaOODSP)9.879970 |
| 856 | 40|qPDF|s1.24 MB|uhttps://publications.gc.ca/collections/collection_2020/statcan/11-637-x/11-637-2020013-eng.pdf |
| 856 | 4 |qHTML|sN/A|uhttps://www150.statcan.gc.ca/n1/pub/11-637-x/2020001/article/00013-eng.htm |